000
00307nam a22001457a 4500
020
_a
9971-512-52-1
041
_a
ENG
100
_a
Meriam J.L
245
_a
Engineering Mechanics
260
_a
Singapore
_b
john Wiley &Sons
_c
1998
300
_a
524
650
_a
FS
700
_a
Kralge .L.G
856
_u
FS
999
_c
361
_d
361